000 01607nam a2200361 c 4500
999 _c25144
_d25144
003 BLK
005 20210119160525.0
008 180413b bul|||||r ||||||| ||bul||
010 _aKNG00027678000
020 _a954-8901-29-3
040 _aBLK
041 _aBUL
_cBUL
080 _aПаметници на културата на историческите периоди. Археологическите паметници. Старини
_b904
_x(497.21-21)
_z904(497.21-21)
100 1 _aТотев, Тотю
_eпърви автор
_9364361
139 _aТотев, Тотю
_bТ 76
245 1 0 _aДворцовият манастир в Преслав
_cТотю Тотев; фотогр. Марчел Маркарян; фотогр. Нъшан Карагьозян.
257 _aBGR
260 _bАнтос
_c1998
_fВарна : Брягпринт ЕАД
_aШумен
300 _a138 с.
_bс ил., 29 л. : ил., 1 л. :
_c30
380 _a9
490 _aКултурно-историческо наследство на Североизточна България
_9438606
500 _aДеп. списък: депозит сп.19 . - Рез. на рус., англ. ез.
650 4 _aПреслав - история
_9252205
653 _aПреслав
653 _aманастири
700 1 _aМаркарян, Марчел
_eфотогр.
_9268063
700 1 _aКарагьозян, Нъшан
_eфотогр.
_9268064
852 _aЦб ІІ 10251
856 4 _qpdf
_u
856 4 _qpdf
_u
942 _cKNG
_n0
_01
_s1
944 _aCR
_c15.05.2003
_kAB_DOS
944 _aED
_c15.05.2003
999 _d25144